[Event "Benidorm 2002 - sub2300"]
[Site "Benidorm ESP"]
[Date "2002.11.22"]
[Round "1.1"]
[White "Cardenas Valero, Ramon"]
[Black "Ramirez Gonzalez, Juan Albert"]
[Result "1-0"]
[WhiteElo "2300"]
[BlackElo "2173"]
[PlyCount "79"]
[EventDate "2002.11.22"]
[EventType "swiss"]
[EventRounds "9"]
[EventCountry "ESP"]
[Source "lmi"]
[SourceDate "2002.11.24"]

1. e4 c6 2. f4 d5 3. e5 c5 4. Nf3 Nc6 5. d3 Bg4 6. Be2 e6 7. O-O h5 8. c3 Nh6
9. Na3 Nf5 10. Nc2 Be7 11. Ne3 Qb6 12. b3 f6 13. Nxf5 exf5 14. Be3 O-O-O 15. d4
cxd4 16. cxd4 Bxf3 17. Rxf3 fxe5 18. fxe5 f4 19. Bf2 g5 20. b4 g4 21. Rb3 g3
22. hxg3 fxg3 23. Bxg3 Qxd4+ 24. Bf2 Qxd1+ 25. Rxd1 Nxe5 26. Bxa7 Bf6 27. b5
Rd7 28. Be3 Kd8 29. b6 Ke7 30. Bc5+ Ke6 31. Re3 Rh6 32. a4 Kf7 33. Bb5 Rd8 34.
Rf1 Kg7 35. Rxf6 d4 36. Rxe5 Kxf6 37. Re2 Kf5 38. Bd3+ Kf4 39. Re4+ Kg3 40. Bb4
1-0

[Event "Benidorm 2002 - sub2300"]
[Site "Benidorm ESP"]
[Date "2002.11.22"]
[Round "1.2"]
[White "Perez Lopez, Jesus M"]
[Black "Taboas Rodriguez, Daniel"]
[Result "1/2-1/2"]
[WhiteElo "2170"]
[BlackElo "2298"]
[PlyCount "72"]
[EventDate "2002.11.22"]
[EventType "swiss"]
[EventRounds "9"]
[EventCountry "ESP"]
[Source "lmi"]
[SourceDate "2002.11.24"]

1. d4 Nf6 2. Nf3 g6 3. g3 Bg7 4. Bg2 O-O 5. O-O c6 6. Re1 d5 7. Nbd2 Ne4 8.
Nxe4 dxe4 9. Ne5 f6 10. Nc4 f5 11. c3 Be6 12. Ne5 Bxe5 13. dxe5 Nd7 14. f4 Nb6
15. Qc2 Qd5 16. Be3 Rfd8 17. b3 Qa5 18. c4 Rd7 19. Red1 Rad8 20. Kf2 Kf7 21.
Rxd7 Rxd7 22. Bf1 Na8 23. Rd1 Rxd1 24. Qxd1 Qxa2 25. Qd8 Nb6 26. Bxb6 axb6 27.
Qxb6 Qb2 28. Qb4 h6 29. h4 Qb1 30. e3 Qb2+ 31. Be2 b6 32. Qa4 c5 33. Qb5 h5 34.
Qa4 Qd2 35. Qb5 Qd8 36. Qc6 Qb8 1/2-1/2

[Event "Benidorm 2002 - sub2300"]
[Site "Benidorm ESP"]
[Date "2002.11.22"]
[Round "1.4"]
[White "Gasulla Asensi, Ignacio"]
[Black "Bolado Saez, Sergio"]
[Result "0-1"]
[WhiteElo "2165"]
[BlackElo "2288"]
[PlyCount "50"]
[EventDate "2002.11.22"]
[EventType "swiss"]
[EventRounds "9"]
[EventCountry "ESP"]
[Source "lmi"]
[SourceDate "2002.11.24"]

1. e4 c5 2. Nf3 d6 3. d4 cxd4 4. Nxd4 Nf6 5. Nc3 a6 6. Be2 e5 7. Nb3 Be7 8. O-O
O-O 9. f4 Qc7 10. f5 b5 11. a3 Bb7 12. Bf3 Nbd7 13. g4 h6 14. h4 Nh7 15. Qe1
Qd8 16. g5 hxg5 17. h5 Ndf6 18. Qg3 Kh8 19. Kf2 g4 20. h6 g6 21. Bg2 Nxe4+ 22.
Bxe4 Bh4 23. Bxb7 Qb6+ 24. Be3 Bxg3+ 25. Kxg3 Qxe3+ 0-1

[Event "Benidorm 2002 - sub2300"]
[Site "Benidorm ESP"]
[Date "2002.11.22"]
[Round "1.6"]
[White "Carnicero Rodriguez, Luis Carlos"]
[Black "Baños, Oscar"]
[Result "0-1"]
[WhiteElo "2162"]
[BlackElo "2284"]
[PlyCount "85"]
[EventDate "2002.11.22"]
[EventType "swiss"]
[EventRounds "9"]
[EventCountry "ESP"]
[Source "lmi"]
[SourceDate "2002.11.24"]

1. Nf3 d5 2. d4 e6 3. c4 f5 4. g3 Nf6 5. Bg2 c6 6. O-O Bd6 7. b3 Qe7 8. Bb2 O-O
9. Nbd2 Bd7 10. Ne5 Be8 11. Ndf3 Bh5 12. Qc2 Ne4 13. Rae1 Na6 14. Nd3 Nb4 15.
Nxb4 Bxb4 16. Rd1 f4 17. Ne5 fxg3 18. fxg3 Nf6 19. Bc1 Nd7 20. Bf4 Bd6 21. Nxd7
Qxd7 22. Qd2 Bxf4 23. Rxf4 Rxf4 24. gxf4 Rf8 25. Rf1 Qd6 26. c5 Qd7 27. Qe3 Bg4
28. Qg3 Bxe2 29. Re1 Bh5 30. Bh3 Rf6 31. Kh1 Bg6 32. Bg2 Qc7 33. Re5 Qa5 34.
Re2 b6 35. cxb6 axb6 36. h4 c5 37. Qe3 Qb4 38. Rd2 Bf5 39. Kh2 Rh6 40. Kg3 cxd4
41. Qxd4 Qe7 42. Qxb6 Qxh4+ 43. Kf3 0-1

[Event "Benidorm 2002 - sub2300"]
[Site "Benidorm ESP"]
[Date "2002.11.22"]
[Round "1.10"]
[White "Perez Aleman, Pedro T"]
[Black "Carbonell Bofill, Carlos"]
[Result "0-1"]
[WhiteElo "2151"]
[BlackElo "2278"]
[PlyCount "92"]
[EventDate "2002.11.22"]
[EventType "swiss"]
[EventRounds "9"]
[EventCountry "ESP"]
[Source "lmi"]
[SourceDate "2002.11.24"]

1. c4 e6 2. Nc3 b6 3. d4 Bb7 4. Nf3 f5 5. d5 Na6 6. dxe6 dxe6 7. Bg5 Nf6 8. Ne5
Qxd1+ 9. Rxd1 Bb4 10. Bxf6 gxf6 11. Nd3 Bxc3+ 12. bxc3 O-O-O 13. Rg1 Rd6 14. g4
Rg8 15. f3 e5 16. h4 e4 17. fxe4 fxg4 18. Bg2 h5 19. Nf4 Rxd1+ 20. Kxd1 Nc5 21.
Nxh5 Bxe4 22. Nxf6 Rd8+ 23. Ke1 Bf5 24. h5 Rh8 25. Rf1 Be6 26. Bd5 Rh6 27.
Bxe6+ Nxe6 28. Nxg4 Rxh5 29. Ne3 Ra5 30. Rf6 Nc5 31. Nd5 Rxa2 32. Rf8+ Kb7 33.
Rf7 Ne6 34. e4 Ra4 35. Kd2 Rxc4 36. Kd3 b5 37. Re7 Nc5+ 38. Ke3 Na4 39. e5 Nxc3
40. Nxc3 Rxc3+ 41. Kd4 Rc1 42. e6 Kc6 43. Ke5 a5 44. Rd7 a4 45. Rd3 Re1+ 46.
Kf6 b4 0-1

[Event "Benidorm 2002 - sub2300"]
[Site "Benidorm ESP"]
[Date "2002.11.22"]
[Round "1.11"]
[White "Kuzev, Jordan"]
[Black "Monmeneu Chulia, Victor"]
[Result "1-0"]
[WhiteElo "2277"]
[BlackElo "2147"]
[PlyCount "165"]
[EventDate "2002.11.22"]
[EventType "swiss"]
[EventRounds "9"]
[EventCountry "ESP"]
[Source "lmi"]
[SourceDate "2002.11.24"]

1. Nf3 d6 2. d4 Nf6 3. c4 Bf5 4. Nc3 Nbd7 5. Nh4 e6 6. Nxf5 exf5 7. Qb3 Rb8 8.
g3 g6 9. Bg2 Bg7 10. O-O O-O 11. Rd1 Qc8 12. Bf4 Re8 13. Rac1 a6 14. a4 h6 15.
Qc2 Nf8 16. d5 g5 17. Be3 Ng4 18. Bd4 Ne5 19. c5 Nfg6 20. b4 f4 21. cxd6 cxd6
22. Ne4 Qd7 23. Qc7 Red8 24. Qxd7 Rxd7 25. Bb6 f5 26. Nd2 Re8 27. Nb3 Nf7 28.
Rc2 Rde7 29. Bf1 Re4 30. Bd4 g4 31. Rc7 R4e7 32. Rdc1 Ng5 33. b5 axb5 34. axb5
fxg3 35. hxg3 f4 36. b6 fxg3 37. fxg3 Ne5 38. Bg2 h5 39. Bf2 Nef7 40. Rxe7 Rxe7
41. Rc7 Kf8 42. Na5 Nd8 43. Rc8 Ke8 44. Nc6 Rd7 45. Nd4 Bxd4 46. Bxd4 Ke7 47.
Kf2 Ndf7 48. Ke3 Rd8 49. Rc7+ Rd7 50. Rc1 Ne5 51. Rh1 Rd8 52. Rxh5 Rg8 53. Bxe5
dxe5 54. Rh4 Kd6 55. Rh6+ Kc5 56. Rf6 e4 57. Kf4 Nh3+ 58. Kxe4 Re8+ 59. Kd3 Ra8
60. Rf7 Kxb6 61. Kd4 Ra2 62. Re7 Ng1 63. Bf1 Rd2+ 64. Kc4 Rc2+ 65. Kd3 Rc1 66.
Bg2 Rd1+ 67. Kc2 Rd4 68. e4 Nf3 69. Kc3 Ra4 70. e5 Kc5 71. d6 Ra3+ 72. Kb2 Rd3
73. Bf1 Rd5 74. d7 Kb4 75. e6 Rd2+ 76. Kc1 Kc3 77. d8=Q Rxd8 78. Rc7+ Kb3 79.
e7 Ra8 80. Rxb7+ Kc3 81. Rc7+ Kb3 82. Bc4+ Kb4 83. Bf7 1-0

[Event "Benidorm 2002 - sub2300"]
[Site "Benidorm ESP"]
[Date "2002.11.22"]
[Round "1.12"]
[White "Cano Gimenez, Vicente"]
[Black "Ballesteros Gonzalez, David"]
[Result "0-1"]
[WhiteElo "2144"]
[BlackElo "2277"]
[PlyCount "134"]
[EventDate "2002.11.22"]
[EventType "swiss"]
[EventRounds "9"]
[EventCountry "ESP"]
[Source "lmi"]
[SourceDate "2002.11.24"]

1. g3 c5 2. Bg2 Nc6 3. Nf3 e5 4. d3 d5 5. O-O Be7 6. c4 dxc4 7. dxc4 Qxd1 8.
Rxd1 Be6 9. b3 e4 10. Ng5 Bf6 11. Nxe4 Bxa1 12. Nd6+ Ke7 13. Nxb7 Rc8 14. Ba3
Nb4 15. Nd2 Bd4 16. e3 Bg4 17. Rc1 Be5 18. Nxc5 a5 19. Nb7 Bc7 20. Ne4 Nf6 21.
Nec5 Ke8 22. h3 Bf5 23. e4 Be6 24. Bxb4 axb4 25. Na6 Nd7 26. f4 f6 27. Nxb4 Rb8
28. e5 fxe5 29. fxe5 Bb6+ 30. Kh1 Bc5 31. Nd3 Ba3 32. Re1 Ke7 33. Nf4 Nc5 34.
Na5 Rb6 35. Nc6+ Kd7 36. Rd1+ Kc7 37. Nd5+ Bxd5 38. cxd5 Rf8 39. Nd4 Rf2 40.
d6+ Kd7 41. e6+ Nxe6 42. Nxe6 Kxe6 43. d7 Be7 44. d8=Q Bxd8 45. Rxd8 Ke7 46.
Ra8 Rd6 47. Kg1 Rb2 48. Ra4 Rd1+ 49. Bf1 g5 50. Re4+ Kd6 51. Re3 Rxa2 52. Rf3
Ke5 53. Rf8 Rb1 54. g4 Ke4 55. Rf5 h6 56. Rf6 Rxb3 57. Rf8 Ke3 58. Rf7 Rb4 59.
Bg2 Ra1+ 60. Kh2 Rb2 61. Kg3 Kd4 62. Rd7+ Ke5 63. Rd5+ Ke6 64. Rf5 Rg1 65. Rf2
Rxf2 66. Kxf2 Ra1 67. Ke3 Ke5 0-1

[Event "Benidorm 2002 - sub2300"]
[Site "Benidorm ESP"]
[Date "2002.11.22"]
[Round "1.13"]
[White "Buchenau, Frank"]
[Black "Rodriguez Gonzalez, Javier"]
[Result "0-1"]
[WhiteElo "2276"]
[BlackElo "2142"]
[PlyCount "43"]
[EventDate "2002.11.22"]
[EventType "swiss"]
[EventRounds "9"]
[EventCountry "ESP"]
[Source "lmi"]
[SourceDate "2002.11.24"]

1. e4 e6 2. Nc3 d5 3. Nf3 Nf6 4. e5 Nfd7 5. d4 c5 6. dxc5 Nc6 7. Bf4 Nxc5 8.
Nb5 a6 9. Nbd4 Be7 10. Be2 Nd7 11. O-O O-O 12. c3 f6 13. exf6 Bxf6 14. Bd6 Be7
15. Bxe7 Qxe7 16. c4 Rb8 17. cxd5 exd5 18. Rc1 Rf6 19. Re1 Qd6 20. Nxc6 bxc6
21. Qd4 Ne5 22. Qxe5 0-1

[Event "Benidorm 2002 - sub2300"]
[Site "Benidorm ESP"]
[Date "2002.11.22"]
[Round "1.14"]
[White "Ibarra Jerez, Juan M"]
[Black "Varga, Mariano"]
[Result "1/2-1/2"]
[WhiteElo "2141"]
[BlackElo "2275"]
[PlyCount "66"]
[EventDate "2002.11.22"]
[EventType "swiss"]
[EventRounds "9"]
[EventCountry "ESP"]
[Source "lmi"]
[SourceDate "2002.11.24"]

1. e4 d5 2. exd5 Nf6 3. Bb5+ Bd7 4. Be2 Nxd5 5. d4 g6 6. Nf3 Bg7 7. c4 Nb6 8.
Nc3 Bg4 9. c5 Nd5 10. Qb3 Nxc3 11. bxc3 b6 12. Ng5 Be6 13. Nxe6 fxe6 14. Bf3 c6
15. cxb6 axb6 16. Qxe6 Qd6 17. Qxd6 exd6 18. Bf4 d5 19. Kd2 O-O 20. Bd6 Rf7 21.
Rhe1 Nd7 22. Kd3 Nf6 23. Be5 Ne4 24. Bxg7 Kxg7 25. Bxe4 dxe4+ 26. Ke3 Ra3 27.
Rec1 b5 28. Rc2 b4 29. Rac1 Rfa7 30. Rb1 bxc3 31. Rb6 Rd7 32. Rxc6 Ra4 33.
R6xc3 Rdxd4 1/2-1/2

[Event "Benidorm 2002 - sub2300"]
[Site "Benidorm ESP"]
[Date "2002.11.22"]
[Round "1.15"]
[White "Garcia Conesa, Gregorio"]
[Black "Ferrer Belenguer, Ligorio"]
[Result "1-0"]
[WhiteElo "2266"]
[BlackElo "2138"]
[PlyCount "71"]
[EventDate "2002.11.22"]
[EventType "swiss"]
[EventRounds "9"]
[EventCountry "ESP"]
[Source "lmi"]
[SourceDate "2002.11.24"]

1. d4 Nf6 2. Bg5 d5 3. Bxf6 gxf6 4. Nf3 Bf5 5. e3 e6 6. c4 c6 7. cxd5 exd5 8.
a3 Nd7 9. Nc3 Bd6 10. Bd3 Bg6 11. Nh4 f5 12. Nxf5 Bf8 13. Ng3 Bg7 14. h4 Qb6
15. Rb1 Nf6 16. h5 Bxd3 17. Qxd3 h6 18. Qf5 Qa6 19. Qe5+ Kf8 20. Nf5 Ne8 21.
Qe7+ Kg8 22. Rh3 Qd3 23. e4 Qc2 24. Rg3 Rh7 25. Qxb7 Rd8 26. Ne3 Qd3 27. Rd1
Qxd1+ 28. Ncxd1 dxe4 29. Qxc6 Kh8 30. Nf5 Bf6 31. Qxe4 Nc7 32. Nde3 Ne6 33. d5
Ng5 34. Qb4 Be5 35. Rxg5 hxg5 36. Qe7 1-0

[Event "Benidorm 2002 - sub2300"]
[Site "Benidorm ESP"]
[Date "2002.11.22"]
[Round "1.45"]
[White "Mirete Bernabe, Marco A"]
[Black "Tomas, Joan"]
[Result "1-0"]
[WhiteElo "2190"]
[BlackElo "2033"]
[PlyCount "45"]
[EventDate "2002.11.22"]
[EventType "swiss"]
[EventRounds "9"]
[EventCountry "ESP"]
[Source "lmi"]
[SourceDate "2002.11.24"]

1. d4 Nf6 2. c4 e5 3. dxe5 Ne4 4. Nf3 Bb4+ 5. Nbd2 Nc6 6. e3 Qe7 7. Be2 Nxd2 8.
Bxd2 Bxd2+ 9. Qxd2 Nxe5 10. O-O d6 11. h3 Bf5 12. Nd4 Bg6 13. f4 O-O-O 14. f5
Bh5 15. f6 gxf6 16. Nf5 Qd7 17. Bxh5 Rhg8 18. Qe2 Rg5 19. e4 Rdg8 20. Rf2 Nd3
21. Qxd3 Rxh5 22. Rd1 Kb8 23. c5 1-0

[Event "Benidorm 2002 - sub2300"]
[Site "Benidorm ESP"]
[Date "2002.11.22"]
[Round "1.29"]
[White "Cantero Navarro, Antonio"]
[Black "Garcia Sanz, Eduardo"]
[Result "1-0"]
[WhiteElo "2221"]
[BlackElo "2096"]
[PlyCount "49"]
[EventDate "2002.11.22"]
[EventType "swiss"]
[EventRounds "9"]
[EventCountry "ESP"]
[Source "lmi"]
[SourceDate "2002.11.24"]

1. e4 c5 2. Nf3 d6 3. d4 cxd4 4. Nxd4 Nf6 5. Nc3 a6 6. Bg5 e6 7. Bd3 Be7 8. Qd2
Nc6 9. Nde2 O-O 10. O-O-O Qc7 11. f4 Nb4 12. Kb1 h6 13. Bh4 Nxd3 14. Qxd3 Rd8
15. f5 Ng4 16. Bxe7 Qxe7 17. Rdf1 exf5 18. exf5 Qe3 19. Qc4 Ne5 20. Qh4 Qg5 21.
Qe4 Bd7 22. h4 Qh5 23. g4 Qxg4 24. Rf4 Bc6 25. Rxg4 1-0

[Event "Benidorm 2002 - sub2300"]
[Site "Benidorm ESP"]
[Date "2002.11.22"]
[Round "1.24"]
[White "Monserrat, Julio"]
[Black "Rocabert, G."]
[Result "0-1"]
[WhiteElo "2107"]
[BlackElo "2234"]
[PlyCount "60"]
[EventDate "2002.11.22"]
[EventType "swiss"]
[EventRounds "9"]
[EventCountry "ESP"]
[Source "lmi"]
[SourceDate "2002.11.24"]

1. d4 d5 2. Bg5 c6 3. c3 Bf5 4. Nf3 Nd7 5. e3 Qb6 6. Qb3 h6 7. Bh4 Ngf6 8. Nbd2
e6 9. Be2 Be7 10. Bg3 O-O 11. Ne5 Nxe5 12. Bxe5 Nd7 13. Nf3 c5 14. Qxb6 Nxb6
15. dxc5 Bxc5 16. Bd4 Rac8 17. a4 Be4 18. Bxc5 Rxc5 19. Ne5 Rd8 20. f3 Bc2 21.
Bd1 Bxd1 22. Kxd1 d4 23. Nd3 dxc3 24. Ke2 Rxd3 25. Kxd3 cxb2 26. Rab1 Nxa4 27.
Rhf1 f6 28. e4 b6 29. Rf2 Nc3 30. Rbxb2 Nd1 0-1

[Event "Benidorm 2002 - sub2300"]
[Site "Benidorm ESP"]
[Date "2002.11.22"]
[Round "1.21"]
[White "Bosque Ortega, Javier"]
[Black "Quimadelos Garcia, Victor"]
[Result "1-0"]
[WhiteElo "2290"]
[BlackElo "2123"]
[PlyCount "35"]
[EventDate "2002.11.22"]
[EventType "swiss"]
[EventRounds "9"]
[EventCountry "ESP"]
[Source "lmi"]
[SourceDate "2002.11.24"]

1. d4 Nf6 2. Nf3 e6 3. Bf4 c5 4. e3 Nc6 5. Nbd2 d5 6. c3 Be7 7. Bd3 O-O 8. Ne5
Qb6 9. Rb1 c4 10. Bc2 Qa6 11. a3 b5 12. Qf3 Nxe5 13. dxe5 Nd7 14. Qh3 f5 15.
exf6 Nxf6 16. Be5 h6 17. Nf3 Nd7 18. Bxg7 1-0

[Event "Benidorm 2002 - sub2300"]
[Site "Benidorm ESP"]
[Date "2002.11.22"]
[Round "1.17"]
[White "Colls Gelaberto, Emilio"]
[Black "Ortells Perez, Victor M"]
[Result "0-1"]
[WhiteElo "2259"]
[BlackElo "2132"]
[PlyCount "104"]
[EventDate "2002.11.22"]
[EventType "swiss"]
[EventRounds "9"]
[EventCountry "ESP"]
[Source "lmi"]
[SourceDate "2002.11.24"]

1. d4 g6 2. e4 Bg7 3. f4 d6 4. Nf3 c6 5. Be2 Nf6 6. Nc3 O-O 7. O-O Bg4 8. Be3
d5 9. exd5 Bxf3 10. Bxf3 cxd5 11. Na4 Nc6 12. Nc5 Qb6 13. Rb1 Rfd8 14. c3 e6
15. Qb3 Qxb3 16. axb3 Na5 17. Bd1 Ne4 18. Nxe4 dxe4 19. Ra1 Nc6 20. Bc2 f5 21.
Ra4 Ne7 22. Rfa1 Nd5 23. Bc1 a6 24. b4 Kf7 25. Ra5 Rac8 26. Bb3 Nxc3 27. bxc3
Rxc3 28. Rb1 Bxd4+ 29. Kf1 Bb6 30. Raa1 Bc7 31. Ke2 g5 32. g3 Rf3 33. fxg5 Bb6
34. Ra2 Rdd3 35. Bc4 Rc3 36. b5 Rxc4 37. Rd2 Rf2+ 38. Ke1 Rxd2 39. Bxd2 axb5
40. Rxb5 Rc6 41. Ke2 Kg6 42. h4 Kh5 43. Be3 Bxe3 44. Kxe3 b6 45. Kf4 Rc3 46.
g4+ fxg4 47. Rxb6 Rf3+ 48. Kxe4 Kxh4 49. g6 hxg6 50. Rxe6 Kg5 51. Re5+ Rf5 52.
Re8 g3 0-1

[Event "Benidorm 2002 - sub2300"]
[Site "Benidorm ESP"]
[Date "2002.11.23"]
[Round "2.1"]
[White "Galvan, Jesus"]
[Black "Cardenas Valero, Ramon"]
[Result "0-1"]
[WhiteElo "2204"]
[BlackElo "2300"]
[PlyCount "98"]
[EventDate "2002.11.22"]
[EventType "swiss"]
[EventRounds "9"]
[EventCountry "ESP"]
[Source "lmi"]
[SourceDate "2002.11.24"]

1. d4 d5 2. c4 e6 3. Nc3 Nf6 4. Bg5 Be7 5. cxd5 exd5 6. e3 O-O 7. Bd3 c6 8. Qc2
h6 9. Bh4 Nbd7 10. Nge2 Re8 11. f3 Nf8 12. Bf2 c5 13. O-O c4 14. Bf5 g6 15.
Bxc8 Rxc8 16. h3 Ne6 17. e4 Qd7 18. e5 Nh5 19. Be3 Nhg7 20. g4 b5 21. Ng3 b4
22. Nce2 Bh4 23. Kh2 Qb5 24. Bxh6 b3 25. Qd2 bxa2 26. Rxa2 Rb8 27. Be3 Qd7 28.
f4 Rb3 29. Nc3 Nf8 30. Qg2 Bxg3+ 31. Qxg3 Qb7 32. Qg2 Rd8 33. f5 a5 34. Rf2 Qa8
35. Bg5 Rd7 36. Na4 Ra7 37. Nc5 Rb6 38. e6 Ngxe6 39. fxe6 Nxe6 40. Nxe6 Rxe6
41. Qg3 Qe8 42. Bf6 Raa6 43. Qh4 Rxf6 44. Rxf6 Rxf6 45. Qxf6 Qe2+ 46. Kg1 Qe1+
47. Kg2 Qe4+ 48. Kg3 Qe3+ 49. Kg2 Qe4+ 0-1

[Event "Benidorm 2002 - sub2300"]
[Site "Benidorm ESP"]
[Date "2002.11.23"]
[Round "2.2"]
[White "Serrano Marhuenda, Salvador"]
[Black "Mate Adan, Carlos"]
[Result "0-1"]
[WhiteElo "2164"]
[BlackElo "2296"]
[PlyCount "104"]
[EventDate "2002.11.22"]
[EventType "swiss"]
[EventRounds "9"]
[EventCountry "ESP"]
[Source "lmi"]
[SourceDate "2002.11.24"]

1. e4 c6 2. d4 d5 3. Nc3 dxe4 4. Nxe4 Nf6 5. Ng3 c5 6. Nf3 Nc6 7. Be3 cxd4 8.
Nxd4 Nxd4 9. Qxd4 Qxd4 10. Bxd4 Bd7 11. O-O-O Bc6 12. f3 e6 13. Bd3 Be7 14.
Rhe1 O-O 15. Nf5 Bd8 16. Nd6 Nd5 17. a3 Bg5+ 18. Kb1 Rfd8 19. Ne4 Bf4 20. Bg1
b6 21. c4 Ne7 22. Bc2 Nf5 23. g3 Be5 24. Ng5 Bf6 25. f4 h6 26. Ne4 Bd4 27. g4
Bxg1 28. gxf5 Bxh2 29. fxe6 Bxf4 30. e7 Rxd1+ 31. Rxd1 Re8 32. Rd8 Bc7 33.
Rxe8+ Bxe8 34. b4 f5 35. Nc3 Kf7 36. Nd5 Bd6 37. Bxf5 Bxe7 38. Kc2 Bd6 39. Kd3
g6 40. Bh3 Be5 41. c5 bxc5 42. bxc5 Bb2 43. Kc4 Bxa3 44. Nc7 Bc6 45. Nb5 Bxb5+
46. Kxb5 Ke7 47. Bg2 h5 48. c6 Kd6 49. Ka6 Bc5 50. Kb7 Bb6 51. Be4 g5 52. Bg6
h4 0-1

[Event "Benidorm 2002 - sub2300"]
[Site "Benidorm ESP"]
[Date "2002.11.23"]
[Round "2.3"]
[White "Bolado Saez, Sergio"]
[Black "Mirete Bernabe, Marco A"]
[Result "1/2-1/2"]
[WhiteElo "2288"]
[BlackElo "2190"]
[PlyCount "79"]
[EventDate "2002.11.22"]
[EventType "swiss"]
[EventRounds "9"]
[EventCountry "ESP"]
[Source "lmi"]
[SourceDate "2002.11.24"]

1. e4 e6 2. d4 d5 3. Nc3 dxe4 4. Nxe4 Nd7 5. Nf3 Ngf6 6. Bg5 Be7 7. Nxf6+ Bxf6
8. Qd2 h6 9. Be3 c5 10. O-O-O Qb6 11. c3 cxd4 12. Nxd4 Qa5 13. Kb1 a6 14. Bd3
Ne5 15. Bc2 Nc4 16. Qd3 Nxe3 17. Qxe3 Qg5 18. Qe4 g6 19. h4 Qe5 20. Qf3 Be7 21.
h5 g5 22. Nc6 Qf6 23. Qe4 Qf4 24. Qxf4 gxf4 25. Nxe7 Kxe7 26. Rd4 Rg8 27. Be4
f5 28. Bf3 e5 29. Re1 e4 30. Bd1 Rxg2 31. f3 Kf6 32. Bc2 Be6 33. fxe4 Bxa2+ 34.
Kxa2 Rxc2 35. e5+ Ke6 36. Rd6+ Ke7 37. Rb6 f3 38. Rxb7+ Ke6 39. Rb6+ Ke7 40.
Rb7+ 1/2-1/2

[Event "Benidorm 2002 - sub2300"]
[Site "Benidorm ESP"]
[Date "2002.11.23"]
[Round "2.4"]
[White "Baños, Oscar"]
[Black "Celaya Tapiz, Txema"]
[Result "1/2-1/2"]
[WhiteElo "2284"]
[BlackElo "2182"]
[PlyCount "105"]
[EventDate "2002.11.22"]
[EventType "swiss"]
[EventRounds "9"]
[EventCountry "ESP"]
[Source "lmi"]
[SourceDate "2002.11.24"]

1. Nf3 d5 2. c4 e6 3. b3 Nf6 4. g3 g6 5. Bb2 Bg7 6. Bg2 O-O 7. O-O Ne4 8. Qc2
Bxb2 9. Qxb2 Qf6 10. Ne5 Qg7 11. d3 Nf6 12. Nc3 c6 13. b4 Nfd7 14. Nf3 Ne5 15.
Nxe5 Qxe5 16. Rab1 a6 17. a4 Nd7 18. e3 d4 19. Ne4 dxe3 20. fxe3 Qxb2 21. Rxb2
Ne5 22. Nf2 Rd8 23. Rd1 Bd7 24. c5 f5 25. Bf1 Kf8 26. d4 Nf7 27. Bc4 Ke7 28. e4
Ng5 29. h4 Nf7 30. Re2 Kf8 31. Nd3 Re8 32. Nf4 Nh6 33. Nd3 Rad8 34. Ne5 Re7 35.
Kg2 Be8 36. Bb3 Ng8 37. Nc4 Nf6 38. Nd6 b5 39. axb5 axb5 40. e5 Ne4 41. Nxe4
fxe4 42. Rxe4 Ra8 43. Rf1+ Kg7 44. Ref4 Ra3 45. R1f3 Bf7 46. Kf2 Bg8 47. Ke2
Ra1 48. Kd2 Rg1 49. Kc3 Ra7 50. Kb2 Raa1 51. Bc2 Ra8 52. Rb3 Rg2 53. Rff3
1/2-1/2

[Event "Benidorm 2002 - sub2300"]
[Site "Benidorm ESP"]
[Date "2002.11.23"]
[Round "2.5"]
[White "Riquelme Valero, Manuel"]
[Black "Ferron Garcia, Carlos"]
[Result "1-0"]
[WhiteElo "2193"]
[BlackElo "2283"]
[PlyCount "103"]
[EventDate "2002.11.22"]
[EventType "swiss"]
[EventRounds "9"]
[EventCountry "ESP"]
[Source "lmi"]
[SourceDate "2002.11.24"]

1. d4 d5 2. Nf3 Nc6 3. c3 Bg4 4. Qb3 Bxf3 5. exf3 Rb8 6. Bb5 a6 7. Bxc6+ bxc6
8. Qa4 Rb6 9. b4 e6 10. Be3 Bd6 11. a3 Qa8 12. c4 dxc4 13. Nd2 c3 14. Nc4 Rb5
15. Rc1 Ne7 16. Rxc3 O-O 17. Na5 Nd5 18. Rc1 Ne7 19. O-O f5 20. Qb3 Rd5 21. Bg5
Qe8 22. Bxe7 Qxe7 23. Nxc6 Qh4 24. g3 Qh3 25. f4 Rf6 26. Qf3 Rh6 27. Qg2 Qh5
28. Rfe1 Qf7 29. Nd8 Qd7 30. Nxe6 c6 31. Ng5 a5 32. Rc4 axb4 33. axb4 Rf6 34.
Qf1 Rb5 35. Rb1 Bf8 36. Nf3 Qb7 37. Qd3 Bxb4 38. Qb3 Be7 39. Rb4+ Kf8 40. Rxb5
Qxb5 41. Qxb5 cxb5 42. Rxb5 g6 43. Ne5 Ra6 44. h4 Ra2 45. h5 Ra6 46. h6 Ra8 47.
Rb7 Rc8 48. d5 Re8 49. Nc6 Bc5 50. Rxh7 Re2 51. Rh8+ Kf7 52. Ne5+ 1-0

[Event "Benidorm 2002 - sub2300"]
[Site "Benidorm ESP"]
[Date "2002.11.23"]
[Round "2.6"]
[White "Planas Gene, Joan"]
[Black "Renteria Becerra, Jorge"]
[Result "0-1"]
[WhiteElo "2183"]
[BlackElo "2280"]
[PlyCount "146"]
[EventDate "2002.11.22"]
[EventType "swiss"]
[EventRounds "9"]
[EventCountry "ESP"]
[Source "lmi"]
[SourceDate "2002.11.24"]

1. d4 Nf6 2. c4 c5 3. d5 b5 4. cxb5 a6 5. bxa6 g6 6. Nc3 Bxa6 7. e4 Bxf1 8.
Kxf1 d6 9. Nf3 Bg7 10. g3 O-O 11. Kg2 Nbd7 12. h3 Qa5 13. Re1 Rfb8 14. e5 dxe5
15. Nxe5 Nxe5 16. Rxe5 Rb7 17. a4 Rd8 18. Qe2 Rdd7 19. Qf3 Ne8 20. Re3 Nd6 21.
Ne4 Bd4 22. Nxd6 Rxd6 23. Re2 Qd8 24. a5 Rxd5 25. a6 Ra7 26. Bd2 e6 27. Bc3 Qa8
28. Bxd4 cxd4 29. Rd2 Rxa6 30. Rxa6 Qxa6 31. Qd3 Qd6 32. Qc4 d3 33. b4 Rd4 34.
Qc5 Qxc5 35. bxc5 e5 36. Kf3 Rc4 37. Ke3 Rxc5 38. Rxd3 h5 39. f4 h4 40. gxh4
exf4+ 41. Kxf4 Kg7 42. Ra3 Kh6 43. Rb3 Kh5 44. Kg3 Rc4 45. Rb8 Rc3+ 46. Kf4 Kh6
47. h5 Rc4+ 48. Kg3 Kxh5 49. Rb3 Rc2 50. Rf3 f5 51. Ra3 g5 52. Ra8 Rc3+ 53. Kg2
Rc2+ 54. Kf3 Rc3+ 55. Kg2 f4 56. Rh8+ Kg6 57. Rg8+ Kf5 58. Rf8+ Ke5 59. Re8+
Kd4 60. Rd8+ Ke3 61. Re8+ Kd2 62. Rd8+ Ke2 63. Rf8 Rg3+ 64. Kh2 Kf2 65. Ra8
Rg2+ 66. Kh1 Kg3 67. Rg8 Kf3 68. Ra8 Re2 69. Ra5 g4 70. hxg4 Kg3 71. Ra1 f3 72.
Kg1 Rg2+ 73. Kh1 f2 0-1

[Event "Benidorm 2002 - sub2300"]
[Site "Benidorm ESP"]
[Date "2002.11.23"]
[Round "2.7"]
[White "Carbonell Bofill, Carlos"]
[Black "Gabaldon Gomez, Miguel A"]
[Result "0-1"]
[WhiteElo "2278"]
[BlackElo "2181"]
[PlyCount "124"]
[EventDate "2002.11.22"]
[EventType "swiss"]
[EventRounds "9"]
[EventCountry "ESP"]
[Source "lmi"]
[SourceDate "2002.11.24"]

1. Nf3 Nf6 2. d4 g6 3. Bf4 Bg7 4. e3 O-O 5. h3 d6 6. Bc4 Nbd7 7. c3 Qe8 8. O-O
e5 9. dxe5 dxe5 10. Bh2 Qe7 11. a4 a5 12. Na3 Ne8 13. Bg3 h6 14. Qc2 Kh8 15. e4
Nd6 16. Bd3 Nc5 17. Rfe1 Be6 18. c4 Bd7 19. Nb5 c6 20. Nxd6 Qxd6 21. Bf1 Qe7
22. Qc3 f6 23. Nd2 Be6 24. f3 Rfd8 25. Bf2 Bf8 26. g4 Qf7 27. h4 Bd6 28. Red1
Qe7 29. b3 Nd7 30. Be2 Bb4 31. Qe3 Kg7 32. Nf1 b6 33. Kg2 Bc5 34. Qc3 Bxf2 35.
Kxf2 Qc5+ 36. Ne3 Nf8 37. Rd3 Rd4 38. Rad1 Rad8 39. Kf1 Bc8 40. Nc2 Rxd3 41.
Rxd3 Rxd3 42. Qxd3 Ne6 43. Bd1 Kf7 44. Qe3 Qxe3 45. Nxe3 Ke7 46. Ke2 Kd6 47.
Kd3 Kc5 48. Kc3 Nd4 49. Nc2 Ba6 50. Ne1 Kd6 51. Ng2 b5 52. axb5 cxb5 53. Nf4
b4+ 54. Kd3 Nxb3 55. Bxb3 exf4 56. Kd4 Bb7 57. c5+ Ke7 58. Ba4 Bc8 59. Kc4 Be6+
60. Kb5 Kd8 61. Kxa5 b3 62. Kb6 Kc8 0-1